LEADER 01275nam0 22002891i 450 001 SUN0022727 005 20160308022927.532 010 $d0.00 100 $a20040906d1983 |0itac50 ba 101 $aita 102 $aIT 105 $a|||| ||||| 200 1 $a*Cultura giuridica del Seicento e jus publicum ecclesiasticum nell'opera del cardinal Giovanni Battista De Luca$fAndrea Zanotti 210 $aMilano$cGiuffrè$d1983 215 $a195 p., 1 c. di tav.$d26 cm. 410 1$1001SUN0003729$12001 $aSeminario giuridico della Università di Bologna$v92$1210 $aMilano$cGiuffrè$a[poi]$cBologna$cBononia university. 606 $aDiritto$xSec. 17.$2SG$3SUNC031969 606 $aDe Luca, Giovanni Battista$2SG$3SUNC031970 620 $dMilano$3SUNL000284 676 $a340.9$v21 700 1$aZanotti$b, Andrea$f1957- $3SUNV005625$0229310 712 $aGiuffrè$3SUNV001757$4650 801 $aIT$bSOL$c20181231$gRICA 912 $aSUN0022727 950 $aUFFICIO DI BIBLIOTECA DEL DIPARTIMENTO DI GIURISPRUDENZA$d00CONS XXIV.Eb.120 $e00 5558 20040906 996 $aCultura giuridica del Seicento e jus publicum ecclesiasticum nell'opera del cardinal Giovanni Battista De Luca$964664 997 $aUNICAMPANIA LEADER 01510nam 2200361Ia 450 001 996396200503316 005 20221108070513.0 035 $a(CKB)4940000000056382 035 $a(EEBO)2240948278 035 $a(OCoLC)12124704 035 $a(EXLCZ)994940000000056382 100 $a19850606d1650 uy | 101 0 $aeng 135 $aurbn||||a|bb| 200 14$aThe Cid$b[electronic resource] $ea tragicomedy, out of French made English, and acted before Their Majesties at court, and on the Cock-pit stage in Drury-Lane, by the servants to both Their Majesties 205 $aThe second edition corrected and amended. 210 $aLondon $cPrinted by W. Wilson for Humphrey Moseley ...$d1650 215 $a[78] p 300 $aTranslated by Joseph Rutter; part of the translation is said to have been the work of Richard and Edward Sackville. Cf. DNB. 300 $aWritten by Pierre Corneille. Cf. BM. 300 $aFirst published in 1637; in 1640, Rutter published his translation of Desfontaines' La vraie svite dv Cid (1638) with title: The second part of the Cid. This continuation was not republished. 300 $aReproduction of original in Yale University Library. 330 $aeebo-0198 700 $aCorneille$b Pierre$f1606-1684.$0131516 701 $aJ. R$g(Joseph Rutter),$ffl. 1635-1640.$01007865 801 0$bEAA 801 1$bEAA 801 2$bm/c 801 2$bWaOLN 906 $aBOOK 912 $a996396200503316 996 $aThe Cid$92323007 997 $aUNISA